02580 am a2200565 a 450000500170000000800410001702000160005804100080007410000280008224500940011025000110020426000600021530000160027550001490029165300170044065300430045765300250050065300310052565300340055665300110059065300870060165300230068865300210071165300120073265300280074465300790077265300510085165300480090265300680095065300890101865300170110765301040112465300200122865300220124865300200127065300430129065300290133365300280136265300100139065300380140065300730143865300660151165300180157765301010159565300460169665300530174265301060179565300410190165300720194220240227134012.0100604s1993||||ag a f |||| 001 0 spa d a95006603845 aspa1 aCeccotti, Eduardo Luis. aClínica estomatológica.bSIDA, cáncer y otras afecciones / cEduardo Luis Ceccotti. a1a ed. aBuenos Aires: bEditorial Médica Panamericana;c1993. a448 p.bil. aCeccotti, E. L. (1993). Clínica estomatológica. SIDA, cáncer y otras afecciones. (1a ed.). Buenos Aires : Editorial Médica Panamericana. aSemiología aTécnica de examen de la mucosa bucal aLesiones elementales aMétodos de diagnóstico aSemiología de los maxilares aEpulis aLesiones pseudotumorales de la musoca bucal (hiperplasias simples y malformativas) aBlastomas benignos aPrecáncer oral aBiopsia aCitología exfoliativa aFundamentos de la interpretación radiográfica de la patología ósea aInterpretación del informe histopatológico aLaboratorio bioquímico en estomatología aDiagnóstico de laboratorio de enfermedades infecciosas orales aSemiología y patología clínica de los ganglios linfáticos en estomatología aDolor facial aInterpretación clínica de signos y síntomas de los desórdenes del sistema estomatognático aVirosis bucales aHepatitis virales aMicosis bucales aInfecciones provocadas por parásitos aEnfermedades bacterianas aEnfermedades ampollares aAftas aEnfermedades del tejido conectivo aSemiología y patología quirúrgica de las glándulas salivales aLesiones radiolúcidas, radiopacas y mixtas de los maxilares aCáncer oral aBioseguridad en odontología (control y prevención de la infección en la práctica dental) aSíndrome de inmunodeficiencia adquirida aPrincipios básicos sobre odontología forense aConceptos fundamentales sobre el manejo odontoestomatológico de pacientes con discrasias sanguineas aprótesis restauradora maxilofacial aHistopatología de las lesiones estomatológicas más frecuentes